Statistics for Formula 1 Drivers by Picture 2024

Click here to take the quiz!

General Stats

  • This quiz has been taken 218 times
  • The average score is 15 of 20

Answer Stats

Answer% Correct
Charles Leclerc
88%
Carlos Sainz
87%
Daniel Ricciardo
87%
Valtteri Bottas
87%
Yuki Tsunoda
82%
Fernando Alonso
78%
Zhou Guanyu
77%
Lance Stroll
76%
Pierre Gasly
76%
Lewis Hamilton
75%
Lando Norris
74%
Max Verstappen
73%
Esteban Ocon
70%
Sergio Perez
66%
Nico Hülkenberg
65%
Oscar Piastri
65%
Kevin Magnussen
63%
George Russell
62%
Alex Albon
54%
Logan Sargeant
48%

Score Distribution

Percentile by Number Answered

Percent of People with Each Score

Your Score History

You have not taken this quiz